000 00480nam a2200181Ia 4500
999 _c28554
_d28554
003 OSt
005 20201203125359.0
008 190216s9999||||xx |||||||||||||| ||und||
020 _a9788126411856
040 _coclc
082 _a894.8123
_bANA/V
100 _aAnand
_96428
245 0 _aVibhajanangal /
_cAnand
260 _bCurrent Books,
_aKottayam:
_c2006.
300 _a217p
650 _aNovel
942 _cBK
_2ddc
_h894.8123
_iANA/V
_k894.8123
_mANA/V